Представление документа в формате RUSMARC

ПолеНазваниеЗначение
  Тип записи a
  Библиографический уровень a
001 Контрольный номер RU/IS/BASE/361640872
005 Дата корректировки 20240207192836.9
100 Данные общей обработки __
a Данные общей обработки 20110617d2011 ||| 0rusy0189 ca
101 Язык документа 0_
a Язык текста rus
102 Страна публикации __
a Страна публикации RU
105 Кодированные данные (монография) __
a Кодированные данные (монография) y###||||000|y
200 Заглавие и сведения об ответственности 1_
a Заглавие Цифровое телевидение идёт в наши дома.
b Общее обозначение материала Текст
e Сведения, относящиеся к заглавию [что это такое и зачем это нужно]
f Первые сведения об ответственности А. Пескин, М. Тюхтин
461 Уровень набора _0
1 2001
a Радио
463 Уровень физической единицы _0
1 2001
a № 6
v С. 14-15 : ил.
1 210
d 2011
606 Тематические рубрики 0_
a Основная рубрика Телевидение
610 Ключевые слова 0_
a Ключевые слова телевидение
610 Ключевые слова 0_
a Ключевые слова телевизоры
610 Ключевые слова 0_
a Ключевые слова цифровое телевидение
610 Ключевые слова 0_
a Ключевые слова аналоговые сигналы
610 Ключевые слова 0_
a Ключевые слова цифровые сигналы
610 Ключевые слова 0_
a Ключевые слова цифровые технологии
686 Индексы других классификаций __
a Классификационный индекс 32.94
2 Код системы rubbk
700 Автор _1
a Фамилия Пескин
b Имя (инициалы) А
801 Источник записи _0
a Страна RU
b Организация Ульяновская ОБДЮ
c Дата составления 20110617
g Правила каталогизации RCR
801 Источник записи _1
a Страна RU
b Организация Ульяновская ОБДЮ
c Дата составления 20110617
g Правила каталогизации RCR
901 Тип документа __
t Тип документа b
910 Корректоры записи __
a Корректор записи Легченкова Н.Н.
919 __
a Легченкова Н.Н.
938 Служебная информация __
a Имя БД BibStat
b Имя библиотеки ОБДЮ